<?xml version="1.0" encoding="UTF-8"?>
<collection xmlns="http://www.loc.gov/MARC21/slim">
 <record>
  <leader>00639pamaa2200145   4500</leader>
  <controlfield tag="001">0000045601</controlfield>
  <controlfield tag="005">20140822090000.0</controlfield>
  <controlfield tag="008">140508s2009                             eng  </controlfield>
  <datafield tag="090" ind1="0" ind2="0">
   <subfield code="a">sJQ1499.A38 </subfield>
   <subfield code="b">NIP 2009</subfield>
  </datafield>
  <datafield tag="110" ind1="1" ind2="0">
   <subfield code="a">Nippon Foundation Fellowships for Asian Public Intellectuals</subfield>
  </datafield>
  <datafield tag="245" ind1="1" ind2="0">
   <subfield code="a">Confluences and challenges in building the Asian community in the early 21st century : </subfield>
   <subfield code="b">The work of the 2008/2009  </subfield>
   <subfield code="c">Nippon Foundation Fellowships for Asian Public Intellectuals.</subfield>
  </datafield>
  <datafield tag="260" ind1="0" ind2="0">
   <subfield code="a">Japan: </subfield>
   <subfield code="b">Nippon Foundation, </subfield>
   <subfield code="c">2009.</subfield>
  </datafield>
  <datafield tag="300" ind1=" " ind2=" ">
   <subfield code="a">xx, 235p: </subfield>
   <subfield code="b">ill.; </subfield>
   <subfield code="c">18 cm.</subfield>
  </datafield>
  <datafield tag="650" ind1="0" ind2="0">
   <subfield code="a">Regionalism -- </subfield>
   <subfield code="z">East Asia </subfield>
  </datafield>
  <datafield tag="650" ind1="0" ind2="0">
   <subfield code="a">East Asia -- </subfield>
   <subfield code="x">Economic conditions </subfield>
  </datafield>
 </record>
</collection>
